000 00556nam a2200181Ia 4500
008 240925s9999 xx 000 0 und d
020 _a9780750678087
082 _a004.62 OLE
100 _aOlexa , Ron
245 0 _aImplementing 802.11,802.16, and 802.20 Wireless Networks: planning,troubleshooting and operations
250 _aNA
260 _aAmsterdam:
_bElsevier
_c,2005.
300 _aviii,104p.
_bNA
_fPhotocopy
500 _aIncludes Index
600 _aComputer Science
650 _aComputer science, information & general works
942 _cBK
999 _c9523
_d9523